[Event "Défi"]
[Site "www.echecsemail.com"]
[Date "2026.01.18"]
[Round "1"]
[White "Den"]
[Black "Lancov"]
[WhiteElo "1900"]
[BlackElo "1930"]
[Result "0-1"]
1.f4 d6
2.d4 Ng8f6
3.e3 g6
4.Ng1f3 Bf8g7
5.Bf1e2 c6
6.O-O b5
7.c3 a6
8.Nb1d2 Nb8d7
9.Be2d3 c5
10.Nd2e4 Bc8b7
11.Ne4f2 O-O
12.Bc1d2 c4
13.Bd3c2 Nd7b6
14.e4 Qd8c7
15.e5 dxe5
16.fxe5 Nf6d5
17.Qd1c1 e6
18.Bd2h6 f6
19.exf6 Nd5xf6
20.Bh6f4 Qc7e7
21.Nf3g5 Nb6d5
22.Bf4g3 Nf6h5
23.Ng5e4 Nh5xg3
24.Ne4xg3 Nd5f4
25.Nf2e4 Bg7h6
26.Qc1e1 Rf8f7
27.Ne4c5 Bb7d5
28.Bc2e4 Ra8f8
29.Ng3e2 Bd5xe4
30.Nc5xe4 Nf4d3
31.Qe1g3 Rf7xf1
32.Ra1xf1 Rf8xf1
33.Kxf1 Qe7f7
34.Kg1 Nd3xb2
35.Ne4c5 Nb2d1
36.Qg3h3 Bh6e3
{ abandon }0-1

[Event "Tournoi échelle champions"]
[Site "www.echecsemail.com"]
[Date "2026.01.18"]
[Round "1"]
[White "Alain64"]
[Black "Elghribi"]
[WhiteElo "2060"]
[BlackElo "1910"]
[Result "1-0"]
1.c4 Ng8f6
2.Nb1c3 g6
3.d4 Bf8g7
4.e4 d6
5.f4 O-O
6.Ng1f3 Nb8c6
7.Bf1e2 Nf6d7
8.O-O e5
9.fxe5 dxe5
10.d5 Nc6e7
11.Bc1g5 h6
12.Bg5h4 f5
13.exf5 gxf5
14.d6 cxd6
15.Qd1xd6 Bg7f6
16.Ra1d1 Bf6xh4
17.Nf3xh4 Qd8b6
18.Kh1 Qb6xd6
19.Rd1xd6 Rf8f6
20.c5 Kg7
21.b4 Nd7f8
22.Be2c4 Nf8g6
23.Nh4xg6 Kxg6
24.Rf1d1 Ne7c6
25.a3 Nc6d4
26.Rd6d8 Nd4c6
27.Rd8d6 Nc6d4
28.Rd6xf6 Kxf6
29.Nc3d5 Kg5
30.Rd1e1 e4
31.Re1d1 Nd4c2
32.Bc4b3 { abandon }1-0

[Event "Tournoi n27402"]
[Site "www.echecsemail.com"]
[Date "2026.01.18"]
[Round "1"]
[White "Tiounet"]
[Black "Wenoketo"]
[WhiteElo "1660"]
[BlackElo "1700"]
[Result "1-0"]
1.a3 e5
2.b4 Nb8c6
3.Bc1b2 a6
4.Ng1f3 d6
5.g3 Ng8e7
6.Bf1g2 h6
7.O-O Ne7g6
8.c4 Bf8e7
9.Nb1c3 Bc8d7
10.d3 O-O
11.Nf3d2 Ra8c8
12.Nd2e4 b6
13.e3 f5
14.Ne4d2 Bd7e6
15.Bg2xc6 h5
16.Bc6b7 Rc8b8
17.Bb7xa6 h4
18.Ba6b5 hxg3
19.fxg3 f4
20.exf4 exf4
21.Nc3e4 Be6h3
22.Rf1f2 fxg3
23.hxg3 Rf8xf2
24.Kxf2 Qd8f8
25.Kg1 Qf8f5
26.Kh2 Bh3g4
27.Qd1f1 Qf5h5
28.Kg1 Rb8f8
29.Qf1g2 c5
30.Qg2h2 Qh5f5
31.Ra1f1 Qf5c8
32.Rf1e1 Rf8f5
33.bxc5 Rf5h5
34.Qh2f2 dxc5
35.a4 Qc8b7
36.Nd2f1 Be7d6
37.Nf1h2 Rh5f5
38.Qf2e3 Bg4h3
39.g4 Bd6xh2
40.Kxh2 Bh3xg4
41.Qe3g3 Bg4f3
42.Qg3xg6 Bf3xe4
43.Re1xe4 Qb7c7
44.Kh3 Rf5f3
45.Kg2 Qc7f7
46.Re4e8 { abandon }1-0

[Event "Défi"]
[Site "www.echecsemail.com"]
[Date "2026.01.18"]
[Round "1"]
[White "Tian"]
[Black "Kerenor"]
[WhiteElo "1310"]
[BlackElo "1600"]
[Result "0-1"]
1.d4 d5
2.c3 Nb8c6
3.f3 e5
4.g4 h6
5.h4 e4
6.g5 Bc8f5
7.Bf1h3 Bf5e6
8.Bh3xe6 fxe6
9.g6 Qd8f6
10.fxe4 dxe4
11.Bc1e3 Qf6xg6
12.Qd1b3 O-O-O
13.Nb1d2 Qg6f7
14.Ng1h3 Bf8e7
15.Nd2xe4 Qf7f5
16.Nh3f2 Ng8f6
17.Rh1g1 Nf6xe4
18.Rg1f1 Nc6a5
19.O-O-O Na5xb3
20.axb3 Ne4g3
21.Rf1e1 Qf5a5
22.Kc2 Qa5f5
23.Rd1d3 Ng3h5
24.Re1g1 g5
25.hxg5 hxg5
26.Rg1xg5 Be7xg5
27.Kd1 Bg5xe3
28.Rd3xe3 Qf5b1
29.Kd2 Qb1xb2
30.Kd3 Qb2xb3
31.Nf2e4 Qb3b5
32.Kd2 Qb5b2
33.Kd3 e5
34.Kc4 exd4
35.cxd4 Qb2xd4
36.Kb3 Qd4xe3
37.Ne4c3 Nh5f4
38.Kb4 Rd8d4
39.Kb3 Nf4xe2
40.Kb2 Qe3xc3
41.Kb1 Rd4b4
42.Ka2 Qc3b3
43.Ka1 Qb3b2
0-1

[Event "Défi"]
[Site "www.echecsemail.com"]
[Date "2026.01.18"]
[Round "1"]
[White "Khamis"]
[Black "Manulatus"]
[WhiteElo "1880"]
[BlackElo "1890"]
[Result "1-0"]
1.d4 d5
2.c4 c6
3.Bc1f4 Ng8f6
4.Ng1f3 dxc4
5.a4 Qd8b6
6.Qd1c2 Qb6a5
7.Bf4d2 Qa5a6
8.e3 b5
9.Nb1c3 e6
10.Bf1e2 Bf8b4
11.O-O Qa6b6
12.axb5 cxb5
13.Nf3e5 Bc8b7
14.f3 O-O
15.b3 cxb3
16.Qc2xb3 Bb4xc3
17.Bd2xc3 a6
18.Ne5c4 Qb6c6
19.Nc4a5 Qc6c8
20.Na5xb7 Qc8xb7
21.e4 Nb8d7
22.Rf1d1 Ra8c8
23.Ra1a5 Qb7c6
24.Bc3b4 Rf8e8
25.h3 Nd7b8
26.Ra5a1 Re8d8
27.Bb4e7 Rd8d7
28.Be7xf6 gxf6
29.Qb3b2 Qc6c2
30.Qb2xc2 Rc8xc2
31.Be2f1 Rd7c7
32.d5 exd5
33.Rd1xd5 Kf8
34.Rd5d8 Ke7
35.Rd8xb8 Rc2b2
36.Ra1xa6 b4
37.Ra6a8 Rb2b1
38.Rb8e8 Kd6
39.Ra8d8 Kc6
40.Kf2 b3
41.Rd8d5 b2
42.Bf1d3 Rb1c1
43.Re8b8 Rc7b7
44.Rb8xb7 Kxb7
45.Rd5b5 Kc6
46.Rb5xb2 h6
47.Rb2c2 Rc1xc2
48.Bd3xc2 Kd6
49.Bc2b3 Ke7
50.Kg3 f5
51.exf5 Kf6
52.Kg4 Kg7
53.h4 f6
54.Kf4 Kf8
55.Ke4 Ke7
56.g4 Kf8
57.f4 Kg7
58.g5 hxg5
59.fxg5 fxg5
60.hxg5 Kf8
61.g6 Kg7
62.Ke5 Kf8
63.f6 Ke8
64.g7 Kd7
65.g8Q Kc7
66.f7 { abandon }1-0

[Event "Défi"]
[Site "www.echecsemail.com"]
[Date "2026.01.18"]
[Round "1"]
[White "Riothamus"]
[Black "Pj612"]
[WhiteElo "1690"]
[BlackElo "1740"]
[Result "0-1"]
1.d4 d5
2.Nb1a3 c6
3.c4 h6
4.cxd5 Qd8xd5
5.e3 b5
6.Ng1f3 g5
7.Qd1c2 Bc8f5
8.Qc2c3 Ng8f6
9.Qc3c5 e6
10.Qc5xd5 exd5
11.Na3c2 Bf5xc2
12.Nf3e5 Bf8d6
13.Ne5f3 Nf6e4
14.Nf3d2 Bd6b4
15.Ke2 Bc2d3
16.Kxd3 Ne4xf2
17.Ke2 Nf2xh1
18.Nd2f3 Bb4d6
19.g4 f6
20.Bf1g2 Nh1g3
21.hxg3 Bd6xg3
22.Nf3d2 Nb8d7
23.b3 h5
24.gxh5 g4
25.Bc1a3 Rh8xh5
26.Kd3 f5
27.Nd2f1 Bg3h4
28.Nf1d2 a5
29.Ra1h1 Nd7f6
30.Ba3d6 Kd7
31.Bd6e5 Ke6
32.Be5xf6 Kxf6
33.Nd2b1 Kg5
34.Nb1c3 Bh4g3
35.Rh1f1 Rh5h2
36.Bg2h1 Ra8h8
37.Bh1xd5 b4
38.Nc3a4 cxd5
39.Na4b6 Rh2f2
40.Rf1c1 Rh8d8
41.Rc1c5 Rf2xa2
42.Nb6xd5 Bg3d6
43.Rc5c6 g3
44.Nd5b6 Ra2a3
45.Ke2 Ra3xb3
46.Nb6c8 Rb3b2
47.Kf1 g2
48.Kg1 Bd6g3
49.Nc8e7 Rb2b1
{ abandon }0-1

[Event "Tournoi n27363"]
[Site "www.echecsemail.com"]
[Date "2026.01.18"]
[Round "1"]
[White "Jlr"]
[Black "Fouvolant"]
[WhiteElo "1400"]
[BlackElo "1370"]
[Result "1-0"]
1.e4 c5
2.Bf1c4 e6
3.Ng1f3 a6
4.Nb1c3 d6
5.d3 Nb8c6
6.Nf3g5 Ng8f6
7.Bc1f4 Bf8e7
8.h4 O-O
9.h5 h6
10.e5 dxe5
11.Bf4e3 hxg5
12.f3 Nf6h7
13.Qd1e2 Nc6d4
14.Be3xd4 exd4
15.Nc3e4 f5
16.Ne4g3 Be7d6
17.Kf2 Rf8e8
18.Ng3xf5 Kf8
19.Nf5xd6 Qd8xd6
20.g4 b5
21.Bc4b3 Ra8a7
22.Qe2e4 Nh7f6
23.Qe4g6 Qd6e7
24.Ra1e1 Ra7c7
25.Re1e2 a5
26.h6 Kg8
27.Rh1e1 Rc7c6
28.Qg6xg5 a4
29.Bb3xe6 Bc8xe6
30.Re2xe6 Rc6xe6
31.Re1xe6 Nf6xg4
32.Qg5xg4 { abandon }1-0

[Event "Défi( 10J+24H/c 10J Max )"]
[Site "www.echecsemail.com"]
[Date "2026.01.18"]
[Round "1"]
[White "Jajaf1959"]
[Black "Roidechecs"]
[WhiteElo "1930"]
[BlackElo "1270"]
[Result "1-0"]
1.d4 d5
2.c4 dxc4
3.e3 Ng8f6
4.Bf1xc4 Nb8c6
5.Ng1f3 e6
6.Nb1c3 Bf8b4
7.O-O Bb4xc3
8.bxc3 Qd8e7
9.a4 e5
10.Bc1a3 exd4
11.Ba3xe7 Kxe7
12.Nf3xd4 Nc6xd4
13.exd4 Rh8d8
14.Rf1e1 Kf8
15.Qd1b3 b6
16.Bc4xf7 Bc8f5
17.Bf7c4 Nf6g4
18.Bc4g8 Rd8d7
19.Bg8d5 Ra8d8
20.Bd5e6 Bf5xe6
21.Qb3xe6 h5
22.Qe6f5 Ng4f6
23.Re1e6 Rd7f7
24.Ra1e1 c5
25.dxc5 bxc5
26.Qf5xc5 Kg8
27.Re6e7 Rf7xe7
28.Qc5xe7 Nf6g4
29.Qe7xd8 Kh7
30.Qd8g5 g6
31.Re1e7 Kh8
32.Qg5xg6 Ng4xf2
33.Re7h7 1-0

[Event "Tournoi n27326"]
[Site "www.echecsemail.com"]
[Date "2026.01.18"]
[Round "1"]
[White "Aramis"]
[Black "Lancien57"]
[WhiteElo "1570"]
[BlackElo "1480"]
[Result "1-0"]
1.e4 e5
2.Bf1c4 Ng8f6
3.d3 Bf8e7
4.Ng1f3 d6
5.Nf3g5 O-O
6.Nb1d2 Qd8e8
7.O-O Nb8d7
8.Nd2f3 a6
9.d4 h6
10.Bc4xf7 Qe8xf7
11.Ng5xf7 Rf8xf7
12.dxe5 dxe5
13.b3 Be7d6
14.c3 Nd7b6
15.Bc1e3 Bc8d7
16.Nf3d2 c5
17.c4 Bd7c6
18.f3 a5
19.Nd2b1 a4
20.Qd1xd6 Rf7d7
21.Qd6xc5 Ra8a6
22.Nb1c3 Nb6c8
23.bxa4 Nc8a7
24.Qc5xe5 Bc6xa4
25.Nc3xa4 Ra6xa4
26.Be3xa7 Ra4xa7
27.Qe5b8 Kh7
28.Qb8e5 b6
29.a4 Rd7e7
30.Qe5f5 Kg8
31.Qf5b5 Nf6d7
32.Qb5b3 Re7e6
33.Qb3b4 Nd7f6
34.h3 Kf7
35.c5 bxc5
36.Qb4xc5 Re6a6
37.a5 Nf6d7
38.Qc5d5 Ke7
39.Rf1d1 Nd7f6
40.Qd5d8 Kf7
41.e5 Nf6h5
42.Kh2 Nh5f4
43.Rd1d2 Nf4e6
44.Rd2d7 Ra7xd7
45.Qd8xd7 Kg6
46.Qd7d3 Kf7
47.Qd3xa6 g5
48.Qa6b7 Kg6
49.Qb7e4 Kg7
50.Ra1b1 Ne6f4
51.Rb1b7 Kf8
52.Qe4f5 Ke8
53.Qf5f7 Kd8
54.Qf7d7 1-0

[Event "1001"]
[Site "www.echecsemail.com"]
[Date "2026.01.18"]
[Round "1"]
[White "Turbo"]
[Black "4x4"]
[WhiteElo "1290"]
[BlackElo "1490"]
[Result "0-1"]
1.e4 e5
2.Ng1f3 d6
3.h3 Nb8c6
4.Bf1c4 Bc8e6
5.Bc4xe6 fxe6
6.a3 Qd8d7
7.b4 O-O-O
8.c3 Ng8f6
9.O-O h6
10.Qd1e1 Nf6h5
11.d3 g5
12.g4 Nh5f4
13.Bc1xf4 gxf4
14.Kh2 Bf8g7
15.Nb1d2 h5
16.g5 h4
17.a4 Rd8g8
18.Rf1g1 Bg7f8
19.Nd2c4 Bf8e7
20.Rg1g4 Qd7e8
21.b5 Nc6d8
22.d4 Nd8f7
23.d5 Nf7xg5
24.Nf3xh4 Ng5xh3
25.Kxh3 Rg8xg4
26.f3 Rg4xh4
27.Kg2 Qe8g6
28.Kf2 exd5
29.Nc4xe5 dxe5
30.Ke2 Rh4h2
31.Kd3 dxe4
32.fxe4 Qg6g3
33.Kc4 Rh2c2
34.Ra1c1 Rc2xc1
35.Qe1xc1 Rh8d8
36.Kb3 Rd8d3
37.a5 Rd3xc3
38.Qc1xc3 Qg3xc3
39.Kxc3 Be7c5
40.Kd2 Bc5d4
41.Ke2 Kd7
42.Kf3 Kd6
43.Ke2 Kc5
{ abandon }0-1

[Event "Coupe Niveau 3"]
[Site "www.echecsemail.com"]
[Date "2026.01.18"]
[Round "1"]
[White "Elghribi"]
[Black "Panchoa"]
[WhiteElo "1930"]
[BlackElo "1610"]
[Result "1-0"]
1.e4 e5
2.Ng1f3 Nb8c6
3.Bf1b5 Ng8f6
4.O-O Bf8e7
5.Rf1e1 O-O
6.Bb5xc6 dxc6
7.Nf3xe5 Qd8d4
8.Ne5f3 Qd4b6
9.h3 Be7c5
10.d4 Bc5b4
11.c3 Bb4e7
12.Nb1d2 c5
13.d5 c6
14.d6 Be7d8
15.Nd2c4 Qb6b5
16.b3 a5
17.a4 Qb5a6
18.e5 Nf6d7
19.Nf3g5 Bd8xg5
20.Bc1xg5 Rf8e8
21.Bg5e7 b5
22.Nc4b2 b4
23.c4 f6
24.e6 Nd7f8
25.Be7xf8 Re8xf8
26.e7 Rf8e8
27.d7 { abandon }1-0

[Event "Tournoi n27372"]
[Site "www.echecsemail.com"]
[Date "2026.01.18"]
[Round "1"]
[White "Zadkine1"]
[Black "Albescab"]
[WhiteElo "1780"]
[BlackElo "1650"]
[Result "1-0"]
1.e4 e5
2.Ng1f3 d6
3.Bf1e2 Ng8f6
4.O-O Bf8e7
5.Nb1c3 Nb8c6
6.b3 O-O
7.d4 Bc8d7
8.a3 Bd7e6
9.d5 Nc6d4
10.dxe6 Nd4xe6
11.Nf3h4 Nf6xe4
12.Nc3xe4 Be7xh4
13.b4 d5
14.Ne4d2 Bh4f6
15.Ra1b1 e4
16.c4 Ne6f4
17.Rb1b3 c6
18.Nd2b1 Nf4e6
19.Be2g4 Ne6d4
20.Rb3h3 dxc4
21.Nb1c3 b5
22.Bc1b2 Qd8b6
23.Nc3xe4 Nd4f3
24.Qd1xf3 Bf6xb2
25.Ne4g5 f6
26.Bg4e6 Rf8f7
27.Be6xf7 Kf8
28.Bf7e6 c3
29.Ng5xh7 Ke7
30.Rf1e1 Kd8
31.Be6d5 c2
32.Bd5xc6 Ra8c8
33.Qf3d5 Kc7
34.Qd5d7 Kb8
35.Rh3e3 Bb2e5
36.Re1c1 Rc8xc6
37.Nh7f8 Be5c7
38.Nf8g6 Qb6b7
39.Re3e8 Bc7d8
40.Qd7xb7 Kxb7
41.Re8xd8 f5
42.Rd8d7 Kb6
43.Ng6e7 Rc6c3
44.Ne7d5 Kc6
45.Nd5xc3 Kxd7
46.Nc3xb5 a6
47.Nb5d4 g6
48.Rc1xc2 { abandon }1-0

[Event "Défi"]
[Site "www.echecsemail.com"]
[Date "2026.01.18"]
[Round "1"]
[White "Roquefort"]
[Black "Vvvv"]
[WhiteElo "1850"]
[BlackElo "1700"]
[Result "1-0"]
1.e4 e5
2.f4 exf4
3.Ng1f3 d5
4.exd5 Qd8xd5
5.Bf1e2 Bf8c5
6.d4 Bc5b4
7.c3 Bb4a5
8.O-O Ba5b6
9.Bc1xf4 Nb8c6
10.Nf3e5 Ng8f6
11.Be2f3 Nf6e4
12.Rf1e1 Nc6xd4
13.cxd4 Bb6xd4
14.Kf1 Qd5b5
15.Bf3e2 Qb5xb2
16.Qd1a4 c6
17.Nb1a3 Ne4d2
18.Bf4xd2 Qb2xd2
19.Ra1d1 Qd2xe1
20.Rd1xe1 Bd4xe5
21.Be2h5 { abandon }1-0

[Event "Tournoi n27394"]
[Site "www.echecsemail.com"]
[Date "2026.01.18"]
[Round "1"]
[White "Wenoketo"]
[Black "Vb83"]
[WhiteElo "1670"]
[BlackElo "1450"]
[Result "1-0"]
1.d4 d5
2.Ng1f3 e6
3.Bc1f4 Ng8f6
4.Nb1d2 Nb8c6
5.h3 Bf8e7
6.e3 O-O
7.Bf1e2 Be7b4
8.c3 Bb4a5
9.Nd2b3 Nf6e4
10.Nb3xa5 Nc6xa5
11.O-O c5
12.dxc5 Ne4xc5
13.b4 Nc5e4
14.bxa5 Ne4xc3
15.Qd1c2 Nc3xe2
16.Qc2xe2 Qd8xa5
17.Rf1c1 Bc8d7
18.Nf3e5 Bd7b5
19.Qe2e1 Qa5xe1
20.Rc1xe1 Ra8c8
21.a4 Bb5e8
22.Ne5f3 h6
23.Re1b1 b6
24.Bf4d6 Be8d7
25.Bd6xf8 Rc8xf8
26.Rb1c1 f6
27.Rc1c7 Rf8d8
28.Rc7xa7 { abandon }1-0

[Event "Défi( 10J+24H/c 10J Max )"]
[Site "www.echecsemail.com"]
[Date "2026.01.18"]
[Round "1"]
[White "Uji40"]
[Black "Hberlioz"]
[WhiteElo "1630"]
[BlackElo "1680"]
[Result "1-0"]
1.d4 d5
2.c4 Ng8f6
3.cxd5 Nf6xd5
4.e4 Nd5b6
5.Ng1f3 Bc8g4
6.Bf1e2 Nb8c6
7.a4 Bg4xf3
8.Be2xf3 Nc6xd4
9.a5 Nd4xf3
10.Qd1xf3 Nb6c4
11.O-O e6
12.Rf1d1 Qd8f6
13.Qf3xf6 gxf6
14.b3 Nc4d6
15.Nb1c3 O-O-O
16.Bc1e3 Bf8g7
17.Rd1d2 h5
18.a6 b6
19.Nc3e2 f5
20.Ra1c1 Nd6xe4
21.Rd2xd8 Rh8xd8
22.f3 Ne4d2
23.b4 Rd8d3
24.Be3f4 Nd2b3
25.Rc1xc7 Kd8
26.Rc7xa7 Nb3d4
27.Ra7a8 Kd7
28.Ra8a7 Kc6
29.Ra7c7 Kb5
30.a7 Nd4xe2
31.Kf2 Rd3a3
32.Kxe2 e5
33.Bf4d2 Bg7f8
34.Rc7xf7 Bf8xb4
35.Bd2xb4 Kxb4
36.Rf7xf5 Ra3xa7
37.Rf5xe5 h4
38.Re5e4 Kb3
39.Re4xh4 b5
40.Rh4h8 b4
41.Rh8b8 Ra7a4
42.g4 Kb2
43.g5 b3
44.Ke3 Ka2
45.f4 b2
46.g6 Ra4a7
47.f5 b1Q
48.Rb8xb1 Kxb1
49.f6 { abandon }1-0

[Event "Coupe Niveau 3"]
[Site "www.echecsemail.com"]
[Date "2026.01.18"]
[Round "1"]
[White "Killbill"]
[Black "Elghribi"]
[WhiteElo "2169"]
[BlackElo "1930"]
[Result "1-0"]
1.e4 d6
2.d4 Ng8f6
3.Nb1c3 g6
4.Bc1f4 Bf8g7
5.Qd1d2 O-O
6.O-O-O Nb8c6
7.Bf4h6 e5
8.Bh6xg7 Kxg7
9.d5 Nc6e7
10.f4 exf4
11.Bf1e2 g5
12.h4 h6
13.hxg5 hxg5
14.Ng1f3 Nf6h7
15.g3 Ne7g6
16.gxf4 gxf4
17.Rd1g1 Bc8d7
18.Qd2xf4 Qd8e7
19.Qf4h6 { abandon }1-0

[Event "Défi"]
[Site "www.echecsemail.com"]
[Date "2026.01.18"]
[Round "1"]
[White "Castor"]
[Black "Albescab"]
[WhiteElo "1370"]
[BlackElo "1650"]
[Result "0-1"]
1.d4 d5
2.c4 c6
3.Nb1c3 Ng8f6
4.f3 e6
5.e4 Bf8b4
6.Bc1d2 O-O
7.a3 Bb4e7
8.e5 Nf6d7
9.Ng1h3 Nd7b6
10.f4 Be7h4
11.g3 Bh4e7
12.b3 Nb8d7
13.c5 Be7xc5
14.dxc5 Nd7xc5
15.Bd2e3 f6
16.Be3xc5 Rf8e8
17.Nh3f2 Nb6d7
18.Bc5d4 c5
19.Bd4e3 d4
20.Be3xd4 cxd4
21.Qd1xd4 b6
22.Nc3b5 Bc8b7
23.Rh1g1 Bb7d5
24.b4 Qd8c8
25.Nb5d6 Qc8c2
26.Bf1d3 Qc2a4
27.Bd3b5 Qa4b3
28.Nd6xe8 Ra8xe8
29.Bb5xd7 Re8d8
30.Bd7b5 Rd8c8
31.Kf1 Rc8c2
32.Nf2g4 Qb3f3
33.Ng4f2 h6
34.Bb5e2 Qf3xe2
0-1

[Event "Tournoi n27369"]
[Site "www.echecsemail.com"]
[Date "2026.01.18"]
[Round "1"]
[White "Wenoketo"]
[Black "Aramis"]
[WhiteElo "1630"]
[BlackElo "1570"]
[Result "1-0"]
1.d4 d5
2.Ng1f3 Nb8c6
3.Bc1f4 Ng8f6
4.e3 Nf6e4
5.Nb1d2 e6
6.Nd2xe4 dxe4
7.Nf3d2 Bf8e7
8.Bf1c4 O-O
9.Nd2xe4 a6
10.O-O b5
11.Bc4b3 Nc6a5
12.Qd1d3 Na5xb3
13.axb3 f6
14.Ne4d2 c6
15.Nd2f3 Qd8e8
16.c4 f5
17.c5 Qe8g6
18.Nf3e5 Qg6f6
19.Ne5xc6 Bc8b7
20.Nc6xe7 Qf6xe7
21.Qd3e2 Qe7f7
22.b4 Qf7g6
23.f3 Ra8d8
24.Bf4d6 Rf8e8
25.Qe2f2 Rd8d7
26.Ra1a2 Re8c8
27.Rf1a1 h6
28.Bd6g3 Rc8a8
29.Ra1c1 Bb7c6
30.b3 Ra8a7
31.Rc1a1 Bc6b7
32.Qf2c2 Rd7d8
33.c6 Rd8c8
34.c7 Qg6e8
35.Qc2c5 Ra7a8
36.Qc5b6 Qe8c6
37.Qb6xc6 Bb7xc6
38.Ra2xa6 Bc6b7
39.Ra6xa8 Bb7xa8
40.Ra1c1 Kf8
41.Rc1c5 Ba8d5
42.Rc5xb5 Kf7
43.Rb5b8 Rc8e8
44.Rb8xe8 Bd5b7
45.c8Q Bb7xc8
46.Re8xc8 { abandon }1-0

[Event "Défi"]
[Site "www.echecsemail.com"]
[Date "2026.01.18"]
[Round "1"]
[White "Pgo"]
[Black "Riothamus"]
[WhiteElo "1710"]
[BlackElo "1690"]
[Result "0-1"]
1.e4 c6
2.Ng1f3 d5
3.exd5 cxd5
4.d4 h6
5.Bf1b5 Bc8d7
6.Nb1c3 a6
7.Bb5xd7 Nb8xd7
8.O-O Ng8f6
9.h3 e6
10.a3 Bf8d6
11.Rf1e1 O-O
12.Bc1e3 Nd7b6
13.b3 Qd8c7
14.Nc3e2 Qc7e7
15.b4 Nb6c4
16.c3 Nf6e4
17.a4 Rf8c8
18.a5 Nc4xe3
19.fxe3 Ne4xc3
20.Ne2xc3 Rc8xc3
21.Qd1d2 Ra8c8
22.Re1c1 Bd6xb4
23.Qd2b2 Rc3xc1
24.Ra1xc1 Rc8xc1
25.Qb2xc1 Bb4xa5
26.Qc1c8 Kh7
27.Nf3e5 Ba5d2
28.Qc8c2 g6
29.Qc2xd2 a5
30.g4 f6
31.Ne5f3 a4
32.Qd2a2 a3
33.Nf3d2 b5
34.Nd2b3 Qe7b4
35.Kg2 g5
36.Kf3 Qb4c4
37.Kf2 b4
38.Ke1 Qc4c3
39.Ke2 Kg6
40.Nb3c5 Qc3b2
41.Qa2xb2 axb2
42.Nc5xe6 b1Q
43.Ne6f8 Kf7
44.Nf8d7 Qb1c2
45.Kf3 Qc2e4
46.Kf2 b3
47.Nd7c5 Qe4c2
48.Kf3 b2
{ abandon }0-1

[Event "Défi"]
[Site "www.echecsemail.com"]
[Date "2026.01.18"]
[Round "1"]
[White "Aramis"]
[Black "Bouffon"]
[WhiteElo "1550"]
[BlackElo "1680"]
[Result "1/2-1/2"]
1.e4 e5
2.Ng1f3 d6
3.d4 Bf8e7
4.dxe5 dxe5
5.Nf3xe5 Qd8xd1
6.Kxd1 Ng8f6
7.Bf1d3 O-O
8.Rh1e1 Nb8d7
9.Ne5xd7 Bc8xd7
10.f3 Ra8d8
11.Bc1f4 c5
12.Nb1d2 b5
13.c3 c4
14.Bd3c2 Bd7c6
15.a3 Be7d6
16.Bf4xd6 Rd8xd6
17.Kc1 Rf8d8
18.Re1e2 h5
19.h3 Nf6e8
20.b3 cxb3
21.Bc2xb3 Ne8c7
22.Ra1a2 Bc6b7
23.Ra2c2 Nc7e6
24.Bb3xe6 fxe6
25.Kb2 Bb7a6
26.Re2f2 g6
27.g3 Ba6c8
28.e5 Rd6d3
29.Nd2e4 Rd3d1
30.Rc2d2 Rd1xd2
31.Ne4xd2 Bc8b7
32.f4 Bb7d5
33.Nd2f1 Bd5c4
34.Nf1e3 Kg7
35.Ne3xc4 bxc4
36.a4 a5
37.h4 Rd8d3
38.Rf2g2 Rd3f3
39.Kc2 Rf3d3
40.g4 hxg4
41.Rg2xg4 Kh6
42.f5 gxf5
43.Rg4xc4 Rd3h3
44.Rc4c6 Rh3xh4
45.Rc6xe6 Kg5
46.Re6a6 f4
47.Ra6xa5 f3
48.e6 Kf4
49.e7 Rh4h2
50.Kb3 Rh2e2
51.Ra5a7 f2
52.e8Q Re2xe8
53.Ra7f7 Kg3
54.Rf7g7 Kh2
55.Rg7f7 Kg1
56.Rf7g7 Kf1
57.Kb4 Ke1
58.Rg7f7 f1Q
59.Rf7xf1 Kxf1
60.c4 Ke2
61.c5 Kd3
62.c6 Kd4
63.Kb5 Kd5
64.c7 Kd6
65.Kb6 Re8c8
66.a5 Rc8xc7
67.a6 Kd7
68.a7 Rc7xa7
69.Kxa7 1/2-1/2

[Event "Tournoi n27361"]
[Site "www.echecsemail.com"]
[Date "2026.01.18"]
[Round "1"]
[White "Patau"]
[Black "Nogean"]
[WhiteElo "1700"]
[BlackElo "1650"]
[Result "0-1"]
1.e4 d6
2.Ng1f3 g6
3.g3 Bf8g7
4.Bf1g2 Nb8d7
5.O-O Ng8f6
6.Nb1c3 O-O
7.d3 c5
8.Bc1g5 h6
9.Bg5xf6 Bg7xf6
10.Nc3d5 Bf6xb2
11.Ra1b1 Bb2g7
12.Nf3d2 Ra8b8
13.Nd2c4 b5
14.Nc4a3 b4
15.Na3c4 a5
16.Bg2h3 Bc8b7
17.Nc4xa5 Bb7xd5
18.exd5 Rb8a8
19.Na5c6 Qd8e8
20.Rf1e1 Bg7f6
21.Qd1g4 Ra8xa2
22.Qg4xd7 Qe8xd7
23.Bh3xd7 Ra2xc2
24.Nc6xe7 Kg7
25.Ne7c6 Bf6c3
26.Re1e8 Rf8xe8
27.Bd7xe8 Rc2d2
28.Rb1e1 Rd2xd3
29.Nc6e7 Bc3xe1
30.Kf1 Be1c3
31.Be8b5 Rd3d1
32.Kg2 b3
{ abandon }0-1

[Event "Défi( 10J+24H/c 10J Max )"]
[Site "www.echecsemail.com"]
[Date "2026.01.18"]
[Round "1"]
[White "Bertelsen"]
[Black "Hberlioz"]
[WhiteElo "1700"]
[BlackElo "1680"]
[Result "1-0"]
1.d4 d5
2.Ng1f3 Bc8f5
3.Nb1c3 Ng8f6
4.e3 e6
5.a3 Nb8c6
6.Bf1e2 Bf8d6
7.h3 Qd8e7
8.Nc3a2 e5
9.c3 exd4
10.Nf3xd4 Nc6xd4
11.cxd4 O-O-O
12.O-O Qe7d7
13.b4 Nf6e4
14.Bc1b2 Bf5xh3
15.Na2c3 Bh3xg2
16.Kxg2 h5
17.Nc3xe4 dxe4
18.d5 h4
19.f4 exf3
20.Be2xf3 Rh8h6
21.Bf3g4 Rh6g6
22.Kh3 Qd7xg4
23.Qd1xg4 Rg6xg4
24.Kxg4 Rd8g8
25.Rf1xf7 g5
26.e4 { abandon }1-0

[Event "Tournoi n27395"]
[Site "www.echecsemail.com"]
[Date "2026.01.18"]
[Round "1"]
[White "Aramis"]
[Black "Mokanne"]
[WhiteElo "1580"]
[BlackElo "1420"]
[Result "1-0"]
1.e4 b6
2.d4 Bc8b7
3.Bf1d3 h6
4.Ng1f3 e6
5.O-O Bf8e7
6.a3 f6
7.Nf3h4 Kf7
8.Qd1h5 Kf8
9.Nh4g6 { abandon }1-0

[Event "Défi"]
[Site "www.echecsemail.com"]
[Date "2026.01.18"]
[Round "1"]
[White "Mc2108"]
[Black "Turbo"]
[WhiteElo "1290"]
[BlackElo "1290"]
[Result "0-1"]
1.e4 e5
2.Ng1f3 Nb8c6
3.Nb1c3 a6
4.Bf1c4 h6
5.O-O Ng8f6
6.d3 b5
7.Bc4b3 Nc6a5
8.a3 c6
9.d4 Na5xb3
10.cxb3 exd4
11.Qd1xd4 Bc8b7
12.Qd4e5 Bf8e7
13.a4 O-O
14.Nf3h4 Nf6g4
15.Qe5g3 h5
16.Nh4f3 d5
17.exd5 cxd5
18.Bc1f4 Qd8d7
19.Nf3d2 f5
20.Nd2f3 d4
21.Nc3e2 Bb7xf3
22.Qg3xf3 b4
23.Ne2c1 Be7c5
24.Nc1d3 Bc5e7
25.Nd3e5 Qd7e6
26.Rf1d1 g5
27.Bf4c1 Qe6xe5
28.Kf1 Ng4xh2
29.Kg1 Nh2xf3
30.gxf3 f4
31.a5 Be7d6
32.Bc1d2 h4
33.Ra1c1 g4
34.fxg4 f3
35.Bd2h6 Qe5h2
36.Kf1 Rf8e8
37.Rd1xd4 Qh2h1
0-1

[Event "Défi( 10J+24H/c 10J Max )"]
[Site "www.echecsemail.com"]
[Date "2026.01.18"]
[Round "1"]
[White "Sylvia13"]
[Black "Mimi66"]
[WhiteElo "1570"]
[BlackElo "1370"]
[Result "1-0"]
1.d4 e6
2.Ng1f3 Ng8f6
3.Nb1c3 Nb8c6
4.Bc1f4 d5
5.Nc3b5 a6
6.Nb5xc7 Ke7
7.Nc7xa8 Bc8d7
8.Na8c7 Nf6e4
9.Bf4g3 Ne4xg3
10.Nc7xd5 exd5
11.fxg3 Ke8
12.c3 Qd8f6
13.e3 g5
14.Bf1d3 b5
15.O-O Bf8d6
16.Qd1b3 Qf6h6
17.Rf1e1 g4
18.Nf3h4 Bd7e6
19.Bd3xb5 axb5
20.Qb3xb5 Be6d7
21.Qb5xd5 Rh8g8
22.Qd5e4 Kd8
23.b4 Qh6f6
24.b5 Nc6a5
25.Qe4a8 Bd7c8
26.Qa8xa5 Bd6c7
27.Qa5b4 h5
28.a4 Rg8g5
29.Re1f1 Qf6e6
30.Ra1e1 Bc7d6
31.Qb4a5 Bd6c7
32.Qa5b4 f5
33.Qb4f8 Kd7
34.Qf8c5 Bc7d8
35.d5 Qe6e7
36.Qc5a7 Bd8c7
37.Nh4xf5 Qe7e4
38.Qa7c5 h4
39.d6 h3
40.gxh3 gxh3
41.Qc5xc7 Ke6
42.Qc7xc8 Kf6
43.Qc8d8 Kg6
44.Qd8g8 Kh5
45.Qg8h7 Kg4
46.Qh7h4 1-0

[Event "Tournoi n27354"]
[Site "www.echecsemail.com"]
[Date "2026.01.18"]
[Round "1"]
[White "Aramis"]
[Black "Wenoketo"]
[WhiteElo "1550"]
[BlackElo "1630"]
[Result "0-1"]
1.d4 d5
2.Ng1f3 Ng8f6
3.Nb1d2 Nb8c6
4.c3 Bc8f5
5.Nf3e5 Nc6xe5
6.dxe5 Nf6d7
7.e3 e6
8.Nd2f3 Bf5g4
9.Bf1e2 Bg4xf3
10.Be2xf3 Nd7xe5
11.O-O Bf8d6
12.e4 Ne5xf3
13.Qd1xf3 dxe4
14.Qf3xe4 c6
15.g3 O-O
16.Qe4g4 Kh8
17.Bc1e3 Qd8c7
18.Be3d4 Rf8g8
19.Qg4f3 Qc7e7
20.c4 Ra8d8
21.Bd4xa7 Bd6c5
22.Ba7xc5 Qe7xc5
23.b3 Rd8d7
24.a4 Rg8d8
25.Rf1b1 Kg8
26.Qf3f4 Rd7d4
27.Qf4f3 Qc5e7
28.Qf3e2 Rd8d7
29.b4 Qe7d8
30.c5 Rd4d2
31.Qe2f3 Rd7d3
32.Qf3g4 Qd8d5
33.Qg4h3 Qd5d4
34.Qh3f1 e5
35.a5 e4
36.Rb1e1 Qd4xb4
37.Re1e2 Rd2xe2
38.Qf1xe2 Qb4d4
39.Ra1b1 g6
40.Rb1c1 e3
41.fxe3 Rd3xe3
42.Qe2f2 Re3d3
43.Qf2xd4 Rd3xd4
44.a6 bxa6
45.h4 Rd4d5
46.Rc1c2 Kg7
47.Kg2 h6
48.Rc2c3 f5
49.Kf3 Kf6
50.g4 fxg4
51.Kxg4 h5
52.Kg3 Ke5
53.Rc3a3 Rd5xc5
54.Ra3xa6 Kf5
55.Ra6a1 Rc5c3
56.Kh2 Kg4
57.Ra1f1 Kxh4
58.Rf1f4 Kg5
59.Rf4d4 Rc3c5
60.Kg3 Kh6
61.Kf3 g5
62.Rd4d6 Kg7
63.Rd6d7 Kf6
64.Rd7d6 Kf5
65.Rd6d8 Rc5c3
66.Kg2 g4
67.Rd8f8 Kg5
68.Rf8e8 Kh4
69.Re8e4 c5
70.Kf1 c4
71.Ke2 Kh3
72.Kd2 Rc3d3
73.Ke2 g3
74.Re4xc4 Rd3a3
75.Rc4c1 h4
76.Rc1h1 Kg4
77.Kd2 Ra3a2
78.Ke3 h3
79.Rh1f1 h2
80.Rf1f4 Kh3
81.Rf4f1 Ra2g2
82.Rf1h1 Rg2g1
83.Rh1xh2 Kxh2
84.Kf3 Rg1a1
{ abandon }0-1

[Event "Défi"]
[Site "www.echecsemail.com"]
[Date "2026.01.18"]
[Round "1"]
[White "Vvvv"]
[Black "Aramis"]
[WhiteElo "1650"]
[BlackElo "1560"]
[Result "1-0"]
1.e4 e5
2.Ng1f3 d6
3.d4 Nb8c6
4.dxe5 Bf8e7
5.exd6 cxd6
6.b3 h6
7.Bc1b2 Be7f6
8.Bb2xf6 Ng8xf6
9.Bf1d3 O-O
10.O-O Qd8e8
11.Rf1e1 a6
12.c3 Bc8g4
13.Nb1d2 Nc6e5
14.Bd3e2 Ne5xf3
15.gxf3 Bg4h3
16.Kh1 Ra8c8
17.Qd1c2 Rc8c5
18.Re1g1 Nf6h5
19.Nd2c4 Qe8e7
20.Be2f1 Nh5f4
21.Ra1d1 Bh3e6
22.Rd1xd6 Rc5xc4
23.Rd6xe6 Nf4xe6
24.Bf1xc4 Ne6g5
25.Rg1g3 Kh8
26.Qc2e2 f6
27.Bc4d5 b5
28.b4 g6
29.f4 Ng5e6
30.Bd5xe6 Qe7xe6
31.Rg3xg6 Rf8f7
32.f5 Qe6e7
33.Rg6xh6 Rf7h7
34.Qe2e3 Qe7g7
35.Rh6g6 Qg7f8
36.Qe3b6 Rh7h6
37.e5 Rh6xg6
38.fxg6 fxe5
39.Qb6e3 Qf8f6
40.Qe3h6 Kg8
41.Qh6h7 Kf8
42.Qh7f7 Qf6xf7
43.gxf7 Kxf7
44.Kg2 Kg6
45.h4 Kh5
46.Kg3 e4
47.Kf4 Kxh4
48.Kxe4 Kg5
49.Ke5 Kg4
50.f4 Kf3
51.f5 Ke3
52.Kd5 Kd3
53.Kc5 Kxc3
54.f6 Kb2
55.f7 Kxa2
56.Kb6 Kb3
57.Ka5 Kc4
58.f8Q Kd5
59.Kxa6 Kc6
60.Qf8c5 Kd7
61.Qc5xb5 Kd6
62.Qb5b8 Kd5
63.b5 Kc5
64.b6 { abandon }1-0